Statistics for NAME A 1500 YARD RUSHER FOR THE NFL TEAM

Click here to take the quiz!

General Stats

  • This quiz has been taken 29 times
  • The average score is 21 of 31

Answer Stats

HintAnswer% Correct
Minnesota VikingsAdrian Peterson / Dalvin Cook / Robert Smith
96%
Dallas CowboysDeMarco Murray / Emmitt Smith / Tony Dorsett / Ezekiel Elliott / Herschel Walker
96%
Detroit LionsBarry Sanders
92%
Cleveland BrownsJim Brown / Nick Chubb
92%
Tennessee Titans / Houston OilersDerrick Henry / Chris Johnson / Earl Campbell / Eddie George
88%
Los Angeles / San Diego ChargersLaDainian Tomlinson
88%
Seattle SeahawksShaun Alexander / Marshawn Lynch / Chris Warren
88%
Los Angeles / St. Louis RamsEric Dickerson / Steven Jackson
85%
Kansas City ChiefsLarry Johnson / Priest Holmes / Jamaal Charles
85%
Las Vegas / Oakland RaidersMarcus Allen / Josh Jacobs
85%
Chicago BearsWalter Payton
85%
Indianapolis ColtsJonathan Taylor / Edgerrin James / Eric Dickerson
81%
Philadelphia EaglesLeSean McCoy / Wilbert Montgomery
77%
Jacksonville JaguarsMaurice Jones-Drew / Fred Taylor
77%
San Francisco 49ersFrank Gore / Garrison Hearst / Roger Craig
73%
Baltimore RavensJamal Lewis
73%
Buffalo BillsO.J. Simpson
73%
Denver BroncosTerrell Davis / Clinton Portis
73%
Houston TexansArian Foster
69%
Pittsburgh SteelersBarry Foster / Jerome Bettis
65%
New York GiantsTiki Barber / Joe Morris
58%
Washington Commanders / RedskinsAlfred Morris / Clinton Portis
54%
Green Bay PackersAhman Green
50%
New York JetsCurtis Martin
50%
Miami DolphinsRicky Williams
50%
New England PatriotsCorey Dillon
46%
Atlanta FalconsJamal Anderson / Gerald Riggs / Michael Turner / William Andrews
46%
Carolina PanthersDeAngelo Williams
38%
New Orleans SaintsGeorge Rogers / Deuce McAllister
31%
Arizona / St. Louis CardinalsOttis Anderson
27%
Tampa Bay BuccaneersJames Wilder
23%

Score Distribution

Percentile by Number Answered

Percent of People with Each Score

Your Score History

You have not taken this quiz